00306nam a2200133Ia 4500008004100000020001500041082002000056100000500076245002200081260003800103300000900141650000500150700001700155140316s9999 xx 000 0 und d a8176560367 a004.678bFRI/IN a aInternet complete aNew DelhibBPB Publicationsc1998 a1022 a aFrink,Brenda